000 01572cam a2200421 i 4500
001 768714001
003 CO-MdFUSB
005 20250722100256.0
007 ta
008 080616t20082008miu b 001 0 eng
010 _a2008026376
020 _a9780310244028
_qhardcover
020 _a0310244021
_qhardcover
040 _aDLC
_beng
_cCO-MdFUSB
_dIG#
_dCO-MdFUSB
_dBAKER
_dBTCTA
_dABF
_dYDXCP
_dBHA
_dLML
_erda
041 _aeng
082 _223
_a227.9107
_bB653
100 1 _aBlomberg, Craig L.,
_d1955-
_eautor
245 1 0 _aJames
_c/ Craig L. Blomberg , Mariam J. Kamell ; editado por Clinton E. Arnold
246 3 0 _aExegetical commentary on the New Testament.
264 1 _aGrand Rapids, Mich. :
_bZondervan,
_c[2008]
264 4 _c© 2008
300 _a280 páginas ;
_c25 cm.
336 _atexto
_btxt
_2rdacontent.
337 _asin mediación
_bn
_2rdamedia.
338 _avolumen
_bnc
_2rdacarrier.
490 1 _aZondervan exegetical commentary on the New Testament ;
504 _aIncluye referencias bibliográficas (páginas 37-41) e índices.
505 0 _aPrefacio del editor general - Prefacio del autor - Introducción a Santiago - Bibliografía sobre Santiago - Comentario sobre Santiago - Teología de Santiago.
563 _aRústico
630 0 7 _aBiblia.
_pSantiago
700 1 _aKamell, Mariam J.
_eautor
700 _aArnold, Clinton E.
_eeditor
_94967
830 0 _aZondervan exegetical commentary on the New Testament ;
_vv. 16.
942 _cBK
945 _aJTF-925
999 _c66202
_d66202